[Event "XV C.to Mondiale seniores"]
[Site "Lignano Sabbiadoro ITA"]
[Date "2005.10.07"]
[Round "9"]
[White "Weinberg, Emanuele"]
[Black "Thieme, Hans"]
[Result "0-1"]
[WhiteElo "1927"]
[BlackElo "2091"]
[PlyCount "110"]
[EventDate "2005.09.28"]

1. d4 Nf6 2. c4 c5 3. d5 e6 4. Nc3 exd5 5. cxd5 d6 6. Nf3 g6 7. e4 a6 8. a4 Bg4
9. h3 Bxf3 10. Qxf3 Bg7 11. Be2 Nbd7 12. Qg3 O-O 13. Qxd6 Nxe4 14. Nxe4 Be5 15.
Nf6+ Bxf6 16. Qg3 Re8 17. Qd3 Qe7 18. Ra2 c4 19. Qd1 Qe4 20. Kf1 Nc5 21. Be3
Rad8 22. Bf3 Qd3+ 23. Qxd3 Nxd3 24. b3 cxb3 25. Ra3 b2 26. Rb3 Rc8 27. Kg1 Rc1+
28. Kh2 Rxh1+ 29. Kxh1 Rc8 30. Kh2 Rc1 31. Be4 b1=Q 32. Rxb1 Rxb1 33. Bxd3 Rd1
34. Bc4 Kf8 35. Kg3 Ke8 36. Kf3 Kd7 37. Ke4 Ra1 38. Bb3 Rb1 39. Bc2 Rb2 40. Bd1
Rb4+ 41. Kd3 Kd6 42. Bd2 Rd4+ 43. Ke3 Rxd5 44. Bb4+ Kc7 45. Bb3 Re5+ 46. Kf3
Be7 47. Bd2 Rf5+ 48. Bf4+ Bd6 49. g3 Bxf4 50. gxf4 Kd6 51. h4 Kc5 52. h5 Kb4
53. hxg6 fxg6 54. Bc2 Rc5 55. Be4 b6 0-1

[Event "XV C.to Mondiale seniores"]
[Site "Lignano Sabbiadoro ITA"]
[Date "2005.10.07"]
[Round "9"]
[White "Weinwurm, Wolfgang"]
[Black "Arkhangelsky, Boris"]
[Result "0-1"]
[WhiteElo "2127"]
[BlackElo "2384"]
[PlyCount "56"]
[EventDate "2005.09.28"]

1. e4 c5 2. c3 Nf6 3. e5 Nd5 4. d4 cxd4 5. Nf3 e6 6. cxd4 b6 7. Nc3 Nxc3 8.
bxc3 Qc7 9. Bd2 d6 10. Bd3 Nd7 11. O-O dxe5 12. Ng5 Bb7 13. Qh5 g6 14. Qh3 Be7
15. Bxg6 fxg6 16. Qxe6 Nf8 17. Qf7+ Kd7 18. dxe5 Qc6 19. f3 Qd5 20. Qf4 Ne6 21.
Nxe6 Kxe6 22. c4 Qd3 23. Rad1 Rad8 24. Qg4+ Qf5 25. Qg3 Rd3 26. Bc1 Rxd1 27.
Rxd1 Rd8 28. Re1 Rd4 0-1

[Event "XV C.to Mondiale seniores"]
[Site "Lignano Sabbiadoro ITA"]
[Date "2005.10.07"]
[Round "9"]
[White "Zelkind, Simeon"]
[Black "Mayers, Dan E."]
[Result "0-1"]
[WhiteElo "1868"]
[BlackElo "2011"]
[PlyCount "74"]
[EventDate "2005.09.28"]

1. e4 e6 2. d4 d5 3. e5 Ne7 4. c3 c5 5. Na3 Nbc6 6. Nf3 Ng6 7. Nc2 f6 8. exf6
Qxf6 9. Bg5 Qf7 10. Bd3 Bd6 11. O-O O-O 12. Bxg6 Qxg6 13. Bh4 Rxf3 14. Qxf3
Qxc2 15. dxc5 Bxc5 16. Rab1 Qg6 17. Bg3 Bd7 18. Qe2 Rf8 19. b4 Bb6 20. a4 Ne7
21. a5 Bd8 22. Bd6 a6 23. Rfe1 Re8 24. Rbd1 Nf5 25. Be5 Bc6 26. Bd4 Bc7 27. f3
e5 28. Bf2 e4 29. fxe4 dxe4 30. Be3 Bb5 31. c4 Nxe3 32. cxb5 Nxd1 33. Rxd1 axb5
34. Rd7 Qc6 35. Qa2+ Kh8 36. Qf7 Qc1+ 37. Qf1 Bxh2+ 0-1

[Event "XV C.to Mondiale seniores"]
[Site "Lignano Sabbiadoro ITA"]
[Date "2005.10.07"]
[Round "9"]
[White "Zhelesny, Stanislav"]
[Black "Bondick, Karl-Heinz"]
[Result "1/2-1/2"]
[WhiteElo "2277"]
[BlackElo "2133"]
[PlyCount "28"]
[EventDate "2005.09.28"]

1. Nf3 f5 2. g3 Nf6 3. Bg2 e6 4. d4 Be7 5. O-O O-O 6. c4 d5 7. b3 c6 8. Ba3 Bd7
9. Bxe7 Qxe7 10. Ne5 Be8 11. e3 Bh5 12. Qc2 Nbd7 13. Nxd7 Qxd7 14. Nc3 g5
1/2-1/2

[Event "XV C.to Mondiale seniores"]
[Site "Lignano Sabbiadoro ITA"]
[Date "2005.10.07"]
[Round "9"]
[White "Zilahi, Gabor"]
[Black "Kristiansen, Erling"]
[Result "1/2-1/2"]
[WhiteElo "2117"]
[BlackElo "2266"]
[PlyCount "30"]
[EventDate "2005.09.28"]

1. d4 Nf6 2. Bg5 e6 3. e3 c5 4. Nd2 Nc6 5. c3 d5 6. Bd3 Be7 7. f4 Qc7 8. Ngf3
cxd4 9. exd4 h6 10. Bxf6 Bxf6 11. Ne5 Qb6 12. b3 Nxd4 13. cxd4 Qxd4 14. Ndf3
Qxf4 15. Qe2 Qb4+ 1/2-1/2

[Event "XV C.to Mondiale seniores"]
[Site "Lignano Sabbiadoro ITA"]
[Date "2005.10.08"]
[Round "10"]
[White "Acunzo, Domenico"]
[Black "Maissenbacher, Werner"]
[Result "0-1"]
[WhiteElo "1828"]
[BlackElo "1981"]
[PlyCount "82"]
[EventDate "2005.09.28"]

1. e4 c5 2. Nf3 Nc6 3. d4 cxd4 4. Nxd4 e5 5. Nb5 d6 6. N1c3 a6 7. Na3 Nf6 8.
Bg5 b5 9. Bxf6 gxf6 10. Nd5 f5 11. c3 fxe4 12. Bxb5 Bd7 13. Qa4 axb5 14. Qxa8
Qxa8 15. Nc7+ Kd8 16. Nxa8 Ne7 17. c4 bxc4 18. Nb6 d5 19. Nxd7 Kxd7 20. Rd1 Kc6
21. O-O Kc5 22. Rfe1 Nc6 23. Nc2 Bh6 24. b4+ Kd6 25. Rxe4 Ke6 26. Ree1 Ra8 27.
b5 Ne7 28. Re2 Kd6 29. Nb4 c3 30. Na6 d4 31. g3 Bd2 32. Rexd2 cxd2 33. Rxd2 Nd5
34. f4 f6 35. fxe5+ fxe5 36. Rf2 d3 37. Kf1 e4 38. Rd2 Rc8 39. b6 Rc1+ 40. Kf2
e3+ 41. Kf3 exd2 0-1

[Event "XV C.to Mondiale seniores"]
[Site "Lignano Sabbiadoro ITA"]
[Date "2005.10.08"]
[Round "10"]
[White "Altshul, Raffael"]
[Black "Shestoperov, Aleksej"]
[Result "1/2-1/2"]
[WhiteElo "2268"]
[BlackElo "2432"]
[PlyCount "29"]
[EventDate "2005.09.28"]

1. e4 c5 2. Nf3 e6 3. Nc3 a6 4. g3 b5 5. Bg2 Bb7 6. d3 d6 7. O-O Nf6 8. Ng5 h6
9. Nh3 Nbd7 10. f4 Qc7 11. Nf2 Be7 12. a4 b4 13. Nb1 O-O 14. Nd2 Rac8 15. Nf3
1/2-1/2

[Event "XV C.to Mondiale seniores"]
[Site "Lignano Sabbiadoro ITA"]
[Date "2005.10.08"]
[Round "10"]
[White "Araujo, Mario Augusto Reis Da Silva"]
[Black "Kock, Hans-Uwe"]
[Result "1/2-1/2"]
[WhiteElo "1957"]
[BlackElo "2127"]
[PlyCount "85"]
[EventDate "2005.09.28"]

1. Nf3 Nf6 2. g3 g6 3. Bg2 Bg7 4. O-O O-O 5. d3 d6 6. e4 e5 7. Nbd2 Nc6 8. h3
Ne8 9. Re1 f5 10. exf5 gxf5 11. Nf1 f4 12. c3 Kh8 13. gxf4 exf4 14. d4 Qf6 15.
N3h2 Qg5 16. Qf3 Ne7 17. Kh1 Ng6 18. Qd5 Qh6 19. Nd2 c6 20. Qf3 Nh4 21. Qd3
Nxg2 22. Kxg2 f3+ 23. Ndxf3 Qxh3+ 24. Kg1 Bg4 25. Re3 Qh5 26. Ne1 Bf5 27. Qe2
Qxe2 28. Rxe2 Nf6 29. Kg2 Rae8 30. Rxe8 Rxe8 31. Be3 Nd5 32. Nf1 Be4+ 33. Kg3
Bf6 34. Bd2 Rg8+ 35. Kh2 Bh4 36. Ng3 Bxg3+ 37. fxg3 Rf8 38. Kg1 Kg8 39. Rd1 Nf6
40. Bf4 d5 41. Rd2 Ng4 42. Ng2 Re8 43. Re2 1/2-1/2

[Event "XV C.to Mondiale seniores"]
[Site "Lignano Sabbiadoro ITA"]
[Date "2005.10.08"]
[Round "10"]
[White "Barlo, Werner"]
[Black "Rosenfeld, Imre"]
[Result "1/2-1/2"]
[WhiteElo "1876"]
[BlackElo "2047"]
[PlyCount "117"]
[EventDate "2005.09.28"]

1. d4 d5 2. Nf3 Nf6 3. Bf4 e6 4. e3 c5 5. c3 Qb6 6. Qc2 Nc6 7. Nbd2 Bd7 8. Be2
Rc8 9. Qb3 Be7 10. Qxb6 axb6 11. h3 O-O 12. O-O Na7 13. Ne5 Bb5 14. Bxb5 Nxb5
15. f3 Rfd8 16. a4 Nd6 17. g4 Ra8 18. Ra2 Nd7 19. Nxd7 Rxd7 20. Rfa1 c4 21. a5
b5 22. e4 Ra6 23. e5 Nc8 24. b4 Na7 25. Nf1 Nc6 26. Bd2 Rd8 27. Bc1 Rda8 28. f4
b6 29. Rb1 bxa5 30. bxa5 Rxa5 31. Rab2 Rb8 32. Bd2 Kf8 33. Ng3 b4 34. cxb4 Rab5
35. Ne2 Bd8 36. Kg2 Na5 37. Nc1 Ke8 38. Bc3 Nc6 39. Ne2 Kd7 40. Ng3 Bb6 41. Ne2
Kc8 42. f5 Bd8 43. fxe6 fxe6 44. Nf4 Kd7 45. Nh5 g6 46. Nf6+ Bxf6 47. exf6 Nd8
48. Ra1 Nf7 49. h4 Nd6 50. Ra7+ R5b7 51. Rxb7+ Rxb7 52. g5 Nb5 53. Rf2 Ke8 54.
Be1 Nxd4 55. Ra2 Kf7 56. Ra8 e5 57. Rh8 Ke6 58. Re8+ Kf7 59. Rh8 1/2-1/2

[Event "XV C.to Mondiale seniores"]
[Site "Lignano Sabbiadoro ITA"]
[Date "2005.10.08"]
[Round "10"]
[White "Belloni, Umberto"]
[Black "Beltrami, Nerio"]
[Result "0-1"]
[WhiteElo "1910"]
[BlackElo "2045"]
[PlyCount "106"]
[EventDate "2005.09.28"]

1. e4 d6 2. c4 Nf6 3. Nc3 g6 4. g3 Bg7 5. Bg2 O-O 6. Nge2 Nbd7 7. O-O c6 8. d4
e5 9. d5 Qe7 10. Bd2 cxd5 11. cxd5 Nc5 12. Be3 b6 13. b4 Ncd7 14. Qa4 Bb7 15.
f3 Rfc8 16. Rfc1 a6 17. Qb3 Qf8 18. Na4 Bh6 19. Kf2 b5 20. Nb2 Bxe3+ 21. Qxe3
Qd8 22. Bh3 Rxc1 23. Rxc1 Rc8 24. Rxc8 Qxc8 25. Qc1 Qd8 26. Bf1 Kg7 27. Qc3 h5
28. Nc1 Bc8 29. Nd1 Nb8 30. Ne3 Bd7 31. Bd3 Qb6 32. Be2 g5 33. Kg2 g4 34. Nf1
gxf3+ 35. Bxf3 Bg4 36. h3 Bxf3+ 37. Kxf3 Qg1 38. Qe1 Qh1+ 39. Ke2 Qxe4+ 40. Kf2
Qxe1+ 41. Kxe1 Nxd5 42. a3 Nc6 43. Kd2 a5 44. bxa5 Nxa5 45. Kc2 f5 46. Kd3 Kf6
47. Ne2 Nc6 48. Ne3 Nxe3 49. Kxe3 d5 50. Kd2 d4 51. h4 Ke6 52. Ng1 Na5 53. Kd3
Kd5 0-1

[Event "XV C.to Mondiale seniores"]
[Site "Lignano Sabbiadoro ITA"]
[Date "2005.10.08"]
[Round "10"]
[White "Bernhoeft, Erhard"]
[Black "Somogyi, Istvan"]
[Result "0-1"]
[WhiteElo "2079"]
[BlackElo "2242"]
[PlyCount "90"]
[EventDate "2005.09.28"]

1. c4 Nf6 2. Nf3 e6 3. g3 d5 4. d4 dxc4 5. Qa4+ Nbd7 6. Qxc4 a6 7. Bg2 b5 8.
Qc2 Bb7 9. O-O c5 10. dxc5 Bxc5 11. Bg5 Rc8 12. Qd1 Qb6 13. Bd2 Ne4 14. Be1
Ndf6 15. b4 Be7 16. Qd4 Qc7 17. Nfd2 Nd6 18. e4 Nd7 19. f4 Bf6 20. e5 Nf5 21.
Qf2 Nxe5 22. fxe5 Bxe5 23. Nb3 Bxg2 24. Kxg2 Bxa1 25. Nxa1 Qe5 26. Bd2 Qxa1 27.
g4 Qxa2 28. gxf5 Qd5+ 29. Kg1 Qxf5 30. Qxf5 exf5 31. Rxf5 O-O 32. Kf1 Rc2 33.
Ke1 Rb2 34. Nc3 Rd8 35. Rd5 Re8+ 36. Kd1 Rxb4 37. Rd6 Rh4 38. Rxa6 Rxh2 39.
Nxb5 Rd8 40. Ra2 h5 41. Nc3 h4 42. Ne4 h3 43. Kc1 f5 44. Ng5 Rh1+ 45. Kc2 Rxd2+
0-1

[Event "XV C.to Mondiale seniores"]
[Site "Lignano Sabbiadoro ITA"]
[Date "2005.10.08"]
[Round "10"]
[White "Bondick, Karl-Heinz"]
[Black "Neumann, Horst"]
[Result "1-0"]
[WhiteElo "2133"]
[BlackElo "2003"]
[PlyCount "67"]
[EventDate "2005.09.28"]

1. d4 d5 2. e4 dxe4 3. Nc3 Nf6 4. f3 exf3 5. Nxf3 Nbd7 6. Bd3 g6 7. O-O Bg7 8.
Qe1 c6 9. Qh4 Qa5 10. Ne2 Nh5 11. Bd2 Qb6 12. Rae1 Bf6 13. Qe4 e6 14. Kh1 Be7
15. Ng5 O-O 16. Nxh7 Ndf6 17. Nxf6+ Nxf6 18. Qh4 Qd8 19. Bh6 Nh5 20. Qf2 Ng7
21. Qf4 Qd6 22. Qf3 Qd5 23. Qg3 Qh5 24. Bd2 Bh4 25. Qc7 Bxe1 26. Bxe1 Nf5 27.
Rf3 Qg5 28. Ng3 Qd8 29. Qf4 Qxd4 30. Ne4 Qd8 31. g4 Nd4 32. Bc3 f5 33. Qh6 Rf7
34. Rh3 1-0

[Event "XV C.to Mondiale seniores"]
[Site "Lignano Sabbiadoro ITA"]
[Date "2005.10.08"]
[Round "10"]
[White "Chernikov, Oleg L."]
[Black "Klundt, Klaus"]
[Result "1/2-1/2"]
[WhiteElo "2410"]
[BlackElo "2382"]
[PlyCount "25"]
[EventDate "2005.09.28"]

1. Nf3 Nf6 2. g3 d5 3. Bg2 c6 4. O-O Bg4 5. d4 e6 6. b3 Nbd7 7. c4 Bd6 8. Nc3
O-O 9. Bf4 Qe7 10. Ne5 Bh5 11. Nxd7 Qxd7 12. Bg5 Bb4 13. Na4 1/2-1/2

[Event "XV C.to Mondiale seniores"]
[Site "Lignano Sabbiadoro ITA"]
[Date "2005.10.08"]
[Round "10"]
[White "Cleal, John"]
[Black "Bue, Gunnar"]
[Result "1/2-1/2"]
[WhiteElo "2035"]
[BlackElo "1901"]
[PlyCount "24"]
[EventDate "2005.09.28"]

1. e4 d6 2. d4 Nf6 3. f3 g6 4. Be3 Bg7 5. Ne2 O-O 6. c3 Nc6 7. Na3 a6 8. Nc2
Rb8 9. Ng3 b5 10. b4 e5 11. d5 Ne7 12. Kf2 c6 1/2-1/2

[Event "XV C.to Mondiale seniores"]
[Site "Lignano Sabbiadoro ITA"]
[Date "2005.10.08"]
[Round "10"]
[White "Davydov, Mikhail"]
[Black "Krasevec, Viktor"]
[Result "1/2-1/2"]
[WhiteElo "2144"]
[BlackElo "2065"]
[PlyCount "54"]
[EventDate "2005.09.28"]

1. e4 e5 2. Nf3 Nc6 3. d4 exd4 4. Nxd4 Bc5 5. Nb3 Be7 6. Nc3 Nf6 7. Be3 d6 8.
Be2 O-O 9. O-O a5 10. a4 Be6 11. Nd4 Nxd4 12. Bxd4 Nd7 13. f4 f5 14. Bf3 c6 15.
Qd2 Bf6 16. Rad1 Bc4 17. Rfe1 fxe4 18. Nxe4 Bxd4+ 19. Qxd4 d5 20. b3 Ba6 21.
Ng5 Qf6 22. Qxf6 Rxf6 23. Re7 Nc5 24. g3 h6 25. Nh3 Re6 26. Rxe6 Nxe6 27. Nf2
Kf7 1/2-1/2

[Event "XV C.to Mondiale seniores"]
[Site "Lignano Sabbiadoro ITA"]
[Date "2005.10.08"]
[Round "10"]
[White "Frank, Albert"]
[Black "Rotelli, Pietro"]
[Result "1/2-1/2"]
[WhiteElo "2050"]
[BlackElo "2001"]
[PlyCount "37"]
[EventDate "2005.09.28"]

1. b3 d5 2. Bb2 Nf6 3. e3 Bf5 4. f4 Nbd7 5. Nf3 e6 6. Nc3 c6 7. Ne2 h6 8. Ng3
Bh7 9. Be2 Be7 10. O-O O-O 11. Ne5 Ne4 12. Nh5 f6 13. Ng4 Bg6 14. d3 Nd6 15.
Ng3 Nf5 16. Nxf5 Bxf5 17. Nf2 Bc5 18. d4 Bd6 19. Bg4 1/2-1/2

[Event "XV C.to Mondiale seniores"]
[Site "Lignano Sabbiadoro ITA"]
[Date "2005.10.08"]
[Round "10"]
[White "Gennari, Giuseppe"]
[Black "Florio, Italo"]
[Result "1-0"]
[WhiteElo "1619"]
[BlackElo "1511"]
[PlyCount "59"]
[EventDate "2005.09.28"]

1. e4 d6 2. d4 Nf6 3. Nc3 c6 4. h3 Nbd7 5. Nf3 Nb6 6. Bd3 Nfd7 7. O-O e5 8.
dxe5 dxe5 9. Nh2 Be7 10. f4 exf4 11. Bxf4 Bf6 12. Qd2 Ne5 13. Nf3 Nbc4 14. Qc1
Qb6+ 15. Kh1 Nxd3 16. cxd3 Qxb2 17. e5 Qxc1 18. Raxc1 Nxe5 19. Bxe5 Bxe5 20.
Nxe5 Be6 21. Ne4 O-O-O 22. Nxf7 Bxf7 23. Rxf7 Rxd3 24. Nc5 Rd2 25. Nxb7 Rxa2
26. Rxc6+ Kb8 27. Nc5 a5 28. Ra6 g6 29. Nd7+ Kc8 30. Ra8+ 1-0

[Event "XV C.to Mondiale seniores"]
[Site "Lignano Sabbiadoro ITA"]
[Date "2005.10.08"]
[Round "10"]
[White "Giani, Franco"]
[Black "Filzmaier, Bruno"]
[Result "1-0"]
[WhiteElo "2083"]
[BlackElo "1970"]
[PlyCount "71"]
[EventDate "2005.09.28"]

1. c4 e6 2. g3 d5 3. cxd5 exd5 4. Bg2 Nf6 5. Nf3 Bd6 6. Nc3 c6 7. d3 O-O 8. O-O
Bg4 9. h3 Bh5 10. Nh4 Nbd7 11. Bg5 Qb6 12. Na4 Qa5 13. Bd2 Bb4 14. Bxb4 Qxb4
15. a3 Qd4 16. Nc3 Rfe8 17. Qc2 Re6 18. e3 Qe5 19. d4 Qd6 20. Rae1 Rae8 21. Qc1
Nb6 22. b3 Nc8 23. f4 Bg4 24. hxg4 Nxg4 25. Bh3 h5 26. Nd1 g6 27. Nf3 Ne7 28.
Bxg4 hxg4 29. Ne5 Nf5 30. Kf2 Nh6 31. Rh1 Rf6 32. Rxh6 Rxe5 33. dxe5 Qxe5 34.
Reh1 Kf8 35. Qc5+ Ke8 36. Qd4 1-0

[Event "XV C.to Mondiale seniores"]
[Site "Lignano Sabbiadoro ITA"]
[Date "2005.10.08"]
[Round "10"]
[White "Ginsberger, Alexander"]
[Black "Siegmund, Rainer"]
[Result "1/2-1/2"]
[WhiteElo "2276"]
[BlackElo "2128"]
[PlyCount "110"]
[EventDate "2005.09.28"]

1. e4 c5 2. Nf3 Nc6 3. Nc3 e5 4. g3 d6 5. Bg2 Nf6 6. O-O Be7 7. d3 O-O 8. h3
Rb8 9. a3 b5 10. Nd5 Be6 11. Nh4 Nd7 12. Nf5 Nb6 13. g4 Nxd5 14. exd5 Bxf5 15.
gxf5 Nd4 16. Be4 c4 17. Be3 Qd7 18. Kh2 Bf6 19. Rg1 Kh8 20. Bxd4 exd4 21. b3
cxb3 22. cxb3 Rfc8 23. Rc1 Rxc1 24. Qxc1 Rc8 25. Qb2 Be5+ 26. Kg2 Rc3 27. Rc1
Qc7 28. Rxc3 dxc3 29. Qc2 a5 30. b4 Bd4 31. Bf3 axb4 32. axb4 g6 33. fxg6 hxg6
34. Bd1 Qe7 35. Kf1 Qe5 36. Qe2 Qxd5 37. Qe4 Qe5 38. Qxe5+ dxe5 39. Bb3 Kg7 40.
Ke2 Bb6 41. f3 Bc7 42. Ke1 Bd6 43. Bd5 Bxb4 44. Bc6 Bc5 45. Bxb5 Kh6 46. Be8 f5
47. Ke2 Bd4 48. h4 Kg7 49. h5 g5 50. Bd7 Kh6 51. Bxf5 Kxh5 52. Be4 Kh4 53. Bd5
Kg3 54. Be4 Kf4 55. Bb7 Kg3 1/2-1/2

[Event "XV C.to Mondiale seniores"]
[Site "Lignano Sabbiadoro ITA"]
[Date "2005.10.08"]
[Round "10"]
[White "Gousseinov, Aguif"]
[Black "Jadrijevic, Ante"]
[Result "1/2-1/2"]
[WhiteElo "2066"]
[BlackElo "2174"]
[PlyCount "119"]
[EventDate "2005.09.28"]

1. e4 e6 2. d4 d5 3. Nc3 Bb4 4. e5 Qd7 5. Bd2 b6 6. a3 Bxc3 7. Bxc3 Ba6 8. Bxa6
Nxa6 9. Qe2 Nb8 10. f4 Ne7 11. Nf3 c5 12. O-O a5 13. b4 axb4 14. axb4 Rxa1 15.
Rxa1 c4 16. Bd2 g6 17. Be1 h5 18. c3 Nf5 19. Ra8 O-O 20. Qa2 Nc6 21. Ra6 Rb8
22. h3 Kg7 23. Bf2 Qb7 24. g4 hxg4 25. hxg4 Nh6 26. Nh2 Rh8 27. Qa4 b5 28. Qa1
Ng8 29. Ra2 f5 30. exf6+ Nxf6 31. Qe1 Ne4 32. Nf3 Qb8 33. Ne5 Nxe5 34. dxe5 g5
35. Ra7+ Kh6 36. Be3 gxf4 37. Qh4+ Kg6 38. Qe7 Qg8 39. Ra6 Qf7 40. Rxe6+ Kg7
41. Bd4 f3 42. Qxf7+ Kxf7 43. Rb6 Ra8 44. e6+ Ke7 45. g5 Ra1+ 46. Kh2 Ra2+ 47.
Kh3 Nxg5+ 48. Kg4 Nxe6 49. Rb7+ Kd6 50. Rb6+ Kd7 51. Rxb5 Nc7 52. Rb8 Ne6 53.
Rb5 Kd6 54. Rb6+ Ke7 55. Rb7+ Ke8 56. Rb8+ Kf7 57. Rb7+ Kg6 58. Rb6 Kf7 59.
Rb7+ Ke8 60. Rb8+ 1/2-1/2

[Event "XV C.to Mondiale seniores"]
[Site "Lignano Sabbiadoro ITA"]
[Date "2005.10.08"]
[Round "10"]
[White "Gutzeit, Avraham"]
[Black "Cavatorta, Fosco"]
[Result "1-0"]
[WhiteElo "2091"]
[BlackElo "1985"]
[PlyCount "53"]
[EventDate "2005.09.28"]

1. e4 d6 2. d4 Nf6 3. Nc3 g6 4. Nf3 Bg7 5. Be2 O-O 6. O-O Nc6 7. d5 Nb8 8. h3
c6 9. Be3 Nbd7 10. Qd2 Qa5 11. a3 a6 12. Rfd1 Qc7 13. Bh6 c5 14. Bxg7 Kxg7 15.
a4 Ne8 16. Qg5 Ne5 17. Nh4 f6 18. Qg3 Nf7 19. f4 Kh8 20. Rf1 Ng7 21. Rf3 f5 22.
Nxg6+ hxg6 23. Qxg6 e6 24. Rg3 Nd8 25. Bh5 Qe7 26. Qh6+ Kg8 27. Bg6 1-0

[Event "XV C.to Mondiale seniores"]
[Site "Lignano Sabbiadoro ITA"]
[Date "2005.10.08"]
[Round "10"]
[White "Hasberger, Walter"]
[Black "Limberg, Siegfried"]
[Result "0-1"]
[WhiteElo "1975"]
[BlackElo "2143"]
[PlyCount "90"]
[EventDate "2005.09.28"]

1. e4 c5 2. Nf3 e6 3. d4 cxd4 4. Nxd4 Nf6 5. Nc3 d6 6. Be2 a6 7. Be3 Be7 8. Qd2
Qc7 9. O-O O-O 10. Rac1 b5 11. a3 Bb7 12. f3 Nbd7 13. Rfd1 Rac8 14. Kh1 Rfd8
15. Nb3 d5 16. exd5 Nxd5 17. Nxd5 Bxd5 18. Qe1 Bf6 19. Bd4 Qf4 20. Bxf6 Qxf6
21. Nd4 Nc5 22. c3 h5 23. Nc2 Na4 24. Nb4 Nxb2 25. Nxd5 exd5 26. Rd4 Nc4 27.
Bxc4 dxc4 28. Rcd1 Rxd4 29. Rxd4 Rd8 30. Qe3 Rxd4 31. cxd4 g6 32. g3 Kg7 33. Kg2
a5 34. Qc3 Qb6 35. d5+ f6 36. Qd2 Qd6 37. Qxa5 Qxd5 38. Qa7+ Kf8 39. Qb8+ Ke7
40. Qa7+ Ke6 41. Qe3+ Kf7 42. Qa7+ Ke8 43. Qb8+ Ke7 44. Qa7+ Qd7 45. Qe3+
45... Kf7 {phone default} 0-1

[Event "XV C.to Mondiale seniores"]
[Site "Lignano Sabbiadoro ITA"]
[Date "2005.10.08"]
[Round "10"]
[White "Haug, Kjell Martin"]
[Black "Gardi, Giuseppe"]
[Result "1-0"]
[WhiteElo "1950"]
[BlackElo "2099"]
[PlyCount "61"]
[EventDate "2005.09.28"]

1. c4 g6 2. Nc3 Bg7 3. g3 e5 4. Bg2 d6 5. Nf3 Nc6 6. d3 Nge7 7. e4 O-O 8. O-O
Be6 9. Be3 h6 10. h3 Qd7 11. Kh2 Nd4 12. Nd5 f5 13. Nxe7+ Qxe7 14. Bxd4 exd4
15. exf5 gxf5 16. Nh4 Qf6 17. Re1 c6 18. Qb3 Rf7 19. Re2 Raf8 20. Rae1 Bc8 21.
f4 Kh7 22. Bf3 Qd8 23. Bh5 Rf6 24. Qd1 d5 25. Re8 Qb6 26. b3 dxc4 27. bxc4 c5
28. Qf3 Bd7 29. Rxf8 Bc6 30. Rxf6 Bxf6 31. Qe2 1-0

[Event "XV C.to Mondiale seniores"]
[Site "Lignano Sabbiadoro ITA"]
[Date "2005.10.08"]
[Round "10"]
[White "Haug, Sverre"]
[Black "Olsen, Willy L."]
[Result "1/2-1/2"]
[WhiteElo "1924"]
[BlackElo "2036"]
[PlyCount "22"]
[EventDate "2005.09.28"]

1. Nf3 f5 2. d4 e6 3. c4 d6 4. Nc3 Nf6 5. Qc2 Be7 6. e4 fxe4 7. Nxe4 c6 8. Bd3
Nxe4 9. Bxe4 g6 10. Bxg6+ hxg6 11. Qxg6+ Kd7 1/2-1/2

[Event "XV C.to Mondiale seniores"]
[Site "Lignano Sabbiadoro ITA"]
[Date "2005.10.08"]
[Round "10"]
[White "Haupt, Joachim"]
[Black "Pipitone, Antonio"]
[Result "1-0"]
[WhiteElo "1841"]
[BlackElo "2041"]
[PlyCount "91"]
[EventDate "2005.09.28"]

1. c4 Nf6 2. Nf3 g6 3. Nc3 Bg7 4. d4 c5 5. g3 O-O 6. Bg2 d6 7. dxc5 dxc5 8. O-O
Nc6 9. Be3 Be6 10. b3 Ng4 11. Bd2 Qc8 12. Qc1 Rd8 13. h3 Nf6 14. Kh2 Nd4 15.
Bh6 Nxf3+ 16. exf3 Bh8 17. Qe3 Ne8 18. Rad1 Bd4 19. Qc1 a6 20. Be3 Ng7 21. Ne2
Bxe3 22. fxe3 Nf5 23. Rxd8+ Qxd8 24. Rd1 Qb6 25. Qd2 a5 26. Nc3 Qc7 27. f4 a4
28. Nb5 Qb6 29. Be4 axb3 30. axb3 Nd6 31. Nxd6 exd6 32. Rb1 Ra3 33. Qc2 Qb4 34.
g4 b5 35. f5 Bd7 36. fxg6 hxg6 37. Bxg6 Be6 38. Bf5 Bxf5 39. gxf5 Qa5 40. Rg1+
Kf8 41. Rg2 bxc4 42. f6 Qa8 43. Qh7 Qxg2+ 44. Kxg2 Ra2+ 45. Kf3 Ke8 46. Qg8+
1-0

[Event "XV C.to Mondiale seniores"]
[Site "Lignano Sabbiadoro ITA"]
[Date "2005.10.08"]
[Round "10"]
[White "Hicker, Harald"]
[Black "Seuss, Oswald"]
[Result "0-1"]
[WhiteElo "2171"]
[BlackElo "2080"]
[PlyCount "74"]
[EventDate "2005.09.28"]

1. d4 Nf6 2. Nf3 g6 3. c4 Bg7 4. Nc3 d6 5. e4 O-O 6. Be2 e5 7. d5 Nbd7 8. O-O
Nc5 9. Qc2 a5 10. Ne1 b6 11. Be3 Ng4 12. Bxg4 Bxg4 13. f3 Bd7 14. Nd3 f5 15.
Nxc5 bxc5 16. exf5 gxf5 17. f4 e4 18. a4 Qf6 19. Ra2 Rf7 20. Nb5 Be8 21. Kh1
Qh4 22. b3 h5 23. Qd1 Re7 24. Qe1 Qxe1 25. Rxe1 h4 26. Kg1 Bh5 27. Kf2 Bf6 28.
Rg1 Kf8 29. Rd2 Rd7 30. Kf1 Ke7 31. Rc2 Bd1 32. Rc1 Bxb3 33. g4 hxg3 34. Rxg3
Bxa4 35. Bd2 Bxb5 36. cxb5 Rdd8 37. Bc3 a4 0-1

[Event "XV C.to Mondiale seniores"]
[Site "Lignano Sabbiadoro ITA"]
[Date "2005.10.08"]
[Round "10"]
[White "Hocevar, Nikola"]
[Black "Gerenski, Hristo"]
[Result "0-1"]
[WhiteElo "2093"]
[BlackElo "2192"]
[PlyCount "59"]
[EventDate "2005.09.28"]

1. Nf3 f5 2. d4 Nf6 3. g3 e6 4. Bg2 d5 5. O-O Bd6 6. c4 c6 7. c5 Be7 8. Nc3 b6
9. Na4 Nfd7 10. b4 a5 11. Bd2 axb4 12. Bxb4 Na6 13. a3 bxc5 14. dxc5 Ndxc5 15.
Nxc5 Bxc5 16. Bxc5 Nxc5 17. Qc2 Ra5 18. Ne5 Qc7 19. Qc3 Bb7 20. Nd3 Nxd3 21.
exd3 Kf7 22. d4 c5 23. Rfb1 Ba6 24. Rb2 Ra8 25. Rab1 Bc8 26. Bf1 c4 27. Ra1 Qd6
28. Rba2 Bd7 29. Be2 Ba4 30. Qb2 0-1

[Event "XV C.to Mondiale seniores"]
[Site "Lignano Sabbiadoro ITA"]
[Date "2005.10.08"]
[Round "10"]
[White "Ivanets, Vladimir"]
[Black "Maugg, Ludwig"]
[Result "0-1"]
[WhiteElo "2290"]
[BlackElo "2125"]
[PlyCount "94"]
[EventDate "2005.09.28"]

1. b4 d5 2. Nf3 Nf6 3. e3 Bg4 4. Be2 e6 5. a3 Nbd7 6. c4 c6 7. Nc3 a5 8. b5
dxc4 9. bxc6 bxc6 10. Bxc4 Ne5 11. Be2 Nd3+ 12. Kf1 Be7 13. Nd4 Bxe2+ 14. Kxe2
Nxc1+ 15. Qxc1 Rc8 16. Qc2 O-O 17. Rhd1 Nd5 18. Nxd5 cxd5 19. Nc6 Bf6 20. Rac1
Qd7 21. d4 Kh8 22. Qc5 Rfe8 23. h3 Be7 24. Qc3 Bd6 25. Rd2 Rc7 26. Rdc2 Ra8 27.
a4 g6 28. Qd3 Rac8 29. Qb5 Ba3 30. Nb4 Qxb5+ 31. axb5 Rc4 32. Rxc4 dxc4 33. Na2
Bxc1 34. Nxc1 Rb8 35. Kd2 Rxb5 36. Kc3 Rb4 37. e4 Kg8 38. f4 Kf8 39. Ne2 Ke7
40. g4 f5 41. gxf5 gxf5 42. e5 Kd7 43. d5 exd5 44. Nd4 Rb8 45. e6+ Kd6 46. e7
Kd7 47. Nxf5 a4 0-1

[Event "XV C.to Mondiale seniores"]
[Site "Lignano Sabbiadoro ITA"]
[Date "2005.10.08"]
[Round "10"]
[White "Jansa, Vlastimil"]
[Black "Spassov, Liuben D."]
[Result "1/2-1/2"]
[WhiteElo "2511"]
[BlackElo "2396"]
[PlyCount "36"]
[EventDate "2005.09.28"]

1. e4 c6 2. d4 d5 3. Nd2 dxe4 4. Nxe4 Bf5 5. Ng3 Bg6 6. h4 h6 7. Nf3 e6 8. Ne5
Bh7 9. Bd3 Bxd3 10. Qxd3 Nf6 11. Bf4 Bd6 12. O-O-O Qc7 13. Ne4 Nxe4 14. Qxe4
Nd7 15. Kb1 O-O 16. Rh3 Rad8 17. a3 Nxe5 18. dxe5 Bc5 1/2-1/2